Weighing Machines: A Treatise in Three Volumes, Vol. 2, Semi-self-Indicating and Semi-Indicating Mechanisms (Record no. 2500)
[ view plain ]
| 005 - DATE AND TIME OF LATEST TRANSACTION | |
|---|---|
| control field | 20250522083139.0 |
| 020 ## - INTERNATIONAL STANDARD BOOK NUMBER | |
| International Standard Book Number | 85264 131 1 |
| 082 ## - DEWEY DECIMAL CLASSIFICATION NUMBER | |
| Classification number | 6621.3 MET |
| 100 ## - MAIN ENTRY--PERSONAL NAME | |
| Author name | METCALFE, T. J. |
| 245 ## - TITLE STATEMENT | |
| Title | Weighing Machines: A Treatise in Three Volumes, Vol. 2, Semi-self-Indicating and Semi-Indicating Mechanisms |
| 260 ## - PUBLICATION, DISTRIBUTION, ETC. | |
| Place of publication, distribution, etc. | London |
| Name of publisher, distributor, etc. | Griffin |
| Date of publication, distribution, etc. | 1969 |
| 300 ## - PHYSICAL DESCRIPTION | |
| Extent | xv,178p., ii. |
| Other physical details | Index |
| Dimensions | 24cm. |
| 942 ## - ADDED ENTRY ELEMENTS (KOHA) | |
| Source of classification or shelving scheme | Dewey Decimal Classification |
| Koha item type | Books |
| Date last seen | Total checkouts | Full call number | Barcode | Cost, replacement price | Price effective from | Koha item type | Lost status | Source of classification or shelving scheme | Damaged status | Not for loan | Withdrawn status | Home library | Current library | Shelving location | Date acquired | Source of acquisition | Cost, normal purchase price |
|---|---|---|---|---|---|---|---|---|---|---|---|---|---|---|---|---|---|
| 05/22/2025 | 6621.3 MET | 0000008186 | 30000.00 | 05/21/2025 | Books | Dewey Decimal Classification | College of Business Education Main Library | College of Business Education Main Library | General Collection | 01/01/1975 | DON | 10000.00 |
